000 01654cam a22004097a 4500
999 _c529781
_d529781
001 13193701
003 NUST
005 20191003110544.0
008 030509s2003 dcu b 000 0 eng d
010 _a 2003106783
020 _a0309069637 (pbk.)
035 _a(CStRLIN)NJRGA1939803-B
035 _a(NjR)a1939803
038 _aMSOHAIL
040 _aOSU
_cOSU
_dDAY
_dUV$
_dNjR
_dDLC
042 _alccopycat
050 0 0 _aTE178.8
_b.D43 2003
050 1 4 _aTE7
_b.N33 no.317
082 _a0
245 0 0 _aDealing with truck parking demands :
_ba synthesis of highway practice /
_cconsultant, Jeffrey W. Trombly.
260 _aWashington, D.C. :
_bTransportation Research Board, National Research Council,
_c2003.
300 _a37 p. ;
_c28 cm.
490 1 _aNCHRP synthesis,
_x0547-5570 ;
_v317
504 _aIncludes bibliographical references (p. 23).
505 0 _aIntroduction -- Legislative authority -- Extent of the problem -- State practices and potential solutions -- Conclusions.
530 _aAlso available on the Internet.
650 0 _aTruck parking.
_922581
650 0 _aRoadside rest areas.
_921196
700 1 _aTrombly, Jeffrey W.
_922582
710 2 _aNational Cooperative Highway Research Program.
_920864
830 0 _aSynthesis of highway practice ;
_v317.
_922583
856 4 1 _zElectronic version
_uhttp://www.trb.org/publications/nchrp/nchrp%5Fsyn%5F317.pdf
906 _a7
_bcbc
_ccopycat
_d2
_eepcn
_f20
_gy-gencatlg
942 _2ddc
_cBK